MARC details
| 000 -LÍDER |
| campo de controle de tamanho fixo |
01212nam a22003737a 4500 |
| 001 - NÚMERO DE CONTROLE |
| campo de controle |
BR7807068 |
| 003 - IDENTIFICADOR DO NÚMERO DE CONTROLE |
| campo de controle |
BR-BrBNA |
| 005 - DATA E HORÁRIO DA ÚLTIMA TRANSAÇÃO |
| campo de controle |
20230928085806.0 |
| 007 - CAMPO FIXO DE DESCRIÇÃO FÍSICA--INFORMAÇÃO GERAL |
| campo de controle de tamanho fixo |
ta |
| 008 - CAMPO DE DADOS FIXOS--INFORMAÇÃO GERAL |
| campo de controle de tamanho fixo |
230509b bl.||||| |||| 00| 0 por d |
| 040 ## - FONTE DA CATALOGAÇÃO |
| Instituição da catalogação original |
BR-BrBNA |
| Idioma da catalogação |
por |
| Instituição que transcreveu o registro |
Biblioteca Nacional de Agricultura |
| 041 ## - CÓDIGO DE IDIOMA |
| Código do idioma do texto/trilha sonora ou título diferente |
(Por) |
| 072 ## - CÓDIGO DE CATEGORIA DE ASSUNTO |
| Código de Categoria de Assunto |
Q10; E10; E70 |
| Código do objeto |
9130 |
| -- |
1160 |
| -- |
1116 |
| -- |
1060 |
| -- |
1030 |
| -- |
/G514 |
| 090 ## - NÚMERO DE CHAMADA LOCAL |
| -- |
9130 BR7807068 |
| 110 1# - ENTRADA PRINCIPAL--NOME CORPORATIVO |
| Nome corporativo ou nome da jurisdição |
Fundacao Instituto de Desenvolvimento Economico e Social do Rio de Janeiro, RJ (Brasil) |
| 9 (RLIN) |
4947 |
| 245 1# - TÍTULO |
| Título |
Oportunidades agroindustriais: localizacao e identificacao; produtos selecionados, caju, goiaba, laranja, limao [industria alimenticia, analise economica, Rio de Janeiro, Brasil] |
| 260 3# - PUBLICAÇÃO, DISTRIBUIÇÃO, ETC. |
| Local de publicação, distribuição, etc. |
Rio de Janeiro, RJ (Brasil): |
| Data da publicação, distribuição, etc. |
1978. |
| 300 ## - DESCRIÇÃO FÍSICA |
| Extensão |
168 p. |
| 500 ## - NOTA GERAL |
| Nota geral |
25 illus.; 30 tables; 42 ref. |
| 650 ## - ASSUNTO--TERMO TÓPICO |
| Cabeçalho tópico ou nome geográfico |
INDUSTRIA AGRICOLA |
| 650 ## - ASSUNTO--TERMO TÓPICO |
| Cabeçalho tópico ou nome geográfico |
CAJU |
| 650 ## - ASSUNTO--TERMO TÓPICO |
| Cabeçalho tópico ou nome geográfico |
GOIABA |
| 650 ## - ASSUNTO--TERMO TÓPICO |
| Cabeçalho tópico ou nome geográfico |
LARANJA |
| 650 ## - ASSUNTO--TERMO TÓPICO |
| Cabeçalho tópico ou nome geográfico |
LIMAO |
| 650 ## - ASSUNTO--TERMO TÓPICO |
| Cabeçalho tópico ou nome geográfico |
ESTATISTICA DE PRODUCAO |
| 650 ## - ASSUNTO--TERMO TÓPICO |
| Cabeçalho tópico ou nome geográfico |
CUSTO DE PRODUCAO |
| 650 ## - ASSUNTO--TERMO TÓPICO |
| Cabeçalho tópico ou nome geográfico |
CONSUMO |
| 650 ## - ASSUNTO--TERMO TÓPICO |
| Cabeçalho tópico ou nome geográfico |
MERCADO |
| 650 ## - ASSUNTO--TERMO TÓPICO |
| Cabeçalho tópico ou nome geográfico |
EXPORTACAO |
| 650 ## - ASSUNTO--TERMO TÓPICO |
| Cabeçalho tópico ou nome geográfico |
INDUSTRIA ALIMENTICIA |
| 650 ## - ASSUNTO--TERMO TÓPICO |
| Cabeçalho tópico ou nome geográfico |
RIO DE JANEIRO |
| 909 ## - |
| -- |
202309 |
| -- |
Lucia |
| -- |
55 |
| -- |
Lucia Elande |
| 942 ## - ELEMENTOS DE ENTRADA ADICIONADOS (KOHA) |
| Tipo de material Koha |
Livros |